| 000 | 02266cam a2200385 i 4500 | ||
|---|---|---|---|
| 001 | 17563234 | ||
| 005 | 20150122161531.0 | ||
| 008 | 121214s2013 nju b 001 0 eng | ||
| 010 | _a 2012048011 | ||
| 020 | _a9781118484876 (hbk.) | ||
| 020 | _z9781118553749 (ebk.) | ||
| 020 | _z9781118223756 (ebk.) | ||
| 020 | _z9781118632949 (ebk.) | ||
| 040 |
_aDLC _beng _cDLC _erda |
||
| 042 | _apcc | ||
| 050 | 0 | 0 |
_aHG 4521 _b.M2827 2013 |
| 082 | 0 | 0 | _a332.6 |
| 100 | 1 | _aMalkiel, Burton Gordon. | |
| 245 | 1 | 4 |
_aThe elements of investing : _beasy lessons for every investor / _cBurton G. Malkiel, Charles D. Ellis ; preface by Gus Sauter ; foreword by David Swensen. |
| 250 | _aUpdated Edition. | ||
| 260 |
_aHoboken, NJ : _bJohn Wiley & Son Inc., _cc2013. |
||
| 300 |
_axxv,182 pages : _c20 cm |
||
| 500 | _aIncludes bibliographical references (pages 165-166) and index. | ||
| 505 | 0 | _aPreface to updated edition -- Foreword -- Introduction -- It all starts with saving -- Save -- First do no harm -- Start saving early : time is money -- The amazing rule of 72 -- Savvy savings -- Small savings tips -- Big ways to save -- Let the government help you save -- Own your home -- How do I catch up? -- Index -- Nobody knows more than the market -- The index fund solution -- Don't some beat the market? -- Index bonds -- Index internationally -- Index funds have big advantages -- Warning -- Confession -- Diversify -- Diversify across asset classes -- Diversify across markets -- Diversify over time -- Rebalance -- Avoid blunders -- Overconfi dence -- Beware of Mr. Market -- The penalty of timing -- More mistakes -- Minimize costs -- Recommended reading -- Acknowledgments -- About the authors -- Index. | |
| 521 | _aBusiness Administration | ||
| 650 | 0 | _aInvestments. | |
| 650 | 0 | _aFinance, Personal. | |
| 650 | 0 | _aPortfolio management. | |
| 650 | 0 | _aInvestment analysis. | |
| 700 | 1 | _aEllis, Charles D. | |
| 776 | 0 | 8 |
_iOnline version: _aMalkiel, Burton Gordon. _tElements of investing _bUpdated Edition. _dHoboken : Wiley, 2013 _z9781118553756 _w(DLC) 2012050403 |
| 906 |
_a7 _bcbc _corignew _d1 _eecip _f20 _gy-gencatlg |
||
| 942 |
_2lcc _cBK _kFOR |
||
| 999 |
_c277373 _d277373 |
||